000 00366nam a2200133Ia 4500
008 220217s9999||||xx |||||||||||||| ||und||
020 _a81-7656-370-6
082 _a005.13 SHA
100 _aShanbhag, Sandeep Mukhi, vijay
_93070
245 0 _aC# : the basics
260 _aBPB publications
_bNew Delhi
_c2001
300 _b180
650 _aPROGRAMMING LANGUAGE
999 _c170781
_d170781